| 000 | 00562nam a2200181 4500 | ||
|---|---|---|---|
| 005 | 20240920040006.0 | ||
| 008 | 240920b |||||||| |||| 00| 0 eng d | ||
| 020 | _a978-621-409-180-5 | ||
| 082 | _aFil. 641.815 P896 2022 | ||
| 100 | _aPrades, Corazon B. | ||
| 245 |
_aBread and pastry production NC II / _cCorazon Barateta Prades |
||
| 260 |
_aMandaluyong City: _bBooks Atbp. Publishing, _cc2022 |
||
| 300 |
_axx, 122p.: _bill. |
||
| 504 | _aIncludes bibliographical references | ||
| 541 | _e7597 c.1, 7598 c.2, 7599 c.3 | ||
| 650 | _aBread | ||
| 650 | _aPastry | ||
| 999 |
_c2324 _d2324 |
||